000 00638nam a2200205Ii 4500
003 JO-AjNU
008 230606s9999||||xx |||||||||||||| ||und||
040 _aJO-AjNU
_beng
_erda
_cJO-AjNU
041 _aeng
050 1 4 _aE744.A27 1969
100 3 _aAdler, Selig,
_eauthor
_95568
245 0 4 _aThe Uncertain Giant: 1921-1941 American Forign Policy Between the Wars
250 _a1 ed
264 3 1 _aToronto: Coller-Macmillan LTD,1969
300 _a340P
336 _atext
_btxt
_2rdacontent
337 _aunmediated
_bn
_2rdamedia
338 _avolume
_bnc
_2rdacarrier
650 4 _aUnited States- Foreign Relations- 20th Century
_95569
999 _aE2881
_c2879
_d2879